Generación del 37 /
Alberdi, Echeverría y Sarmiento fueron algunos de los jóvenes pensadores que se propusieron superar el conflicto entre unitarios y federales. Fuertemente influenciados por las ideas del romanticismo europeo, buscaron adaptarlas a la situación local.
Guardado en:
| Autor Principal: | |
|---|---|
| Autor Corporativo: | |
| Formato: | |
| Publicado: |
Argentina,
2010
|
| Series: | XIX: Los Proyectos De Nación
|
| Materias: | |
| Acceso en línea: | https://www.educ.ar/recursos/101081/generacion-del-37 |
| Etiquetas: |
Agregar Etiqueta
Sin Etiquetas, Sea el primero en etiquetar este registro!
|
| LEADER | 01164ngm a22003135g 4500 | ||
|---|---|---|---|
| 001 | CEM.cems024084 | ||
| 008 | 130507s2010##################0###0#####d | ||
| 005 | 20250818192439.0 | ||
| 245 | 1 | 0 | |a Generación del 37 / |c Sebastián Mignona. |
| 260 | |a Argentina, |c 2010 | ||
| 300 | |a 22'. | ||
| 490 | 0 | |a XIX: Los Proyectos De Nación | |
| 520 | |a Alberdi, Echeverría y Sarmiento fueron algunos de los jóvenes pensadores que se propusieron superar el conflicto entre unitarios y federales. Fuertemente influenciados por las ideas del romanticismo europeo, buscaron adaptarlas a la situación local. | ||
| 538 | |a Soporte: DVD - Grabación DRD | ||
| 500 | |a Consultar en ventanilla. | ||
| 100 | 1 | |a Mignona, Sebastián | |
| 710 | 2 | |a Canal Encuentro. | |
| 082 | 7 | 8 | |/ MIG |
| 653 | |a HISTORIA | ||
| 653 | |a HISTORIA ARGENTINA | ||
| 653 | |a SIGLO XIX | ||
| 653 | |a ILUSTRACION | ||
| 653 | |a GENERACIÓN DEL 37' | ||
| 653 | |a SARMIENTO | ||
| 653 | |a ALBERDI | ||
| 653 | |a ECHEVERRÍA | ||
| 653 | |a SERIE DE TELEVISIÓN | ||
| 856 | |u https://www.educ.ar/recursos/101081/generacion-del-37 | ||
| 859 | |a CEMS |b BIB. CEMS - Depto. Recursos Didacticos |h 782 |i MIG |k DRD |p 2727.19 |t Ej.1 | ||
